O metodike recitačných krúžkov a práci recitátorov

Bibliographic Details
Main Author: Klemanič, Emil (Author)
Format: Article
Language:Slovak
Subjects:

MARC

LEADER 00000nab a2200000 a 4500
001 vtls000183273
003 SK-MaSNL
005 20260302202143.0
008 111106c1984 xo 0 slo
015 |a SNBRB19rr/mm-uuuuu 
035 |a CL0193386 
040 |a SNKBUCL  |b slo  |c SNKBUCL  |e AACR2 
041 0 |a slo 
044 |a xo  |c SK 
080 |a 82.085  |2 1981 
100 1 |a Klemanič, Emil  |4 aut  |9 882976 
245 1 0 |a O metodike recitačných krúžkov a práci recitátorov  |c Emil Klemanič 
650 0 7 |a krúžky recitačné  |2 snkbucl  |9 923550 
655 7 |a články z novín a časopisov  |2 snkbucl  |9 267496 
655 7 |a články z odboru literárna veda a krásna literatúra  |2 snkbucl  |9 770045 
773 0 |t Osvetová práca  |g Roč. 34, č. 5 (1984), s. 36 
850 |a Slovenská národná knižnica v Martine  |a MTA001 
852 |a SNK  |b KIS3GCP 
958 |a RK 
958 |a LX 
992 |a RBX 
999 |c 1463639  |d 1465569